Anales del Instituto de Biología, Universidad Nacional Autónoma de México. (Registro nro. 19458)
[ vista simple ]
| 000 -CABECERA | |
|---|---|
| Campo de control | 01559cas a2200301 4500 |
| 005 - FECHA Y HORA DE LA ULTIMA TRANSACCION | |
| Campo de control | 20170403143242.0 |
| 008 - ELEMENTOS DE LONGITUD FIJA—INFORMACION GENERAL | |
| Campo de control | 880914d19672004mx fr p 0 b0spa c |
| 022 ## - ISSN | |
| ISSN | 0374-5511 |
| 040 ## - FUENTE DE CATALOGACIÓN | |
| Agencia catalogadora original | MnMULS |
| Agencia transcriptora | MnMULS |
| Agencia Modificadora | NIC |
| -- | OCoLC |
| -- | InU |
| -- | AIP |
| -- | NST |
| -- | NSDP |
| -- | NST |
| -- | DLC |
| -- | OCoLC |
| -- | MH |
| -- | OCoLC |
| -- | DLC |
| -- | TxU |
| -- | IU |
| -- | OCoLC |
| -- | CO-BoIAVH |
| 041 0# - IDIOMA | |
| Código de idioma para texto/pista de sonido o título separado | Español |
| -- | Inglés |
| 044 ## - PAÍS DE PUBLICACIÓN | |
| País de publicación | Colombia |
| 090 ## - CLASIFICACIÓN LOCAL | |
| Colección | SE |
| 110 2# - ASIENTO PRINCIPAL--NOMBRE CORPORATIVO | |
| Nombre corporativo o de jurisdicción como elemento de entrada | Universidad Nacional Autónoma de México |
| Unidad subordinad | Instituto de Biología |
| 245 10 - MENCION DE TITULO | |
| Título | Anales del Instituto de Biología, Universidad Nacional Autónoma de México. |
| Name of part/section of a work | Serie Botánica / |
| 246 1# - FORMA VARIANTE DEL TITULO | |
| Título propiamente dicho/forma breve del título | Anales del Instituto de Biología. |
| Name of part/section of a work | Serie Botánica |
| 246 30 - FORMA VARIANTE DEL TITULO | |
| Título propiamente dicho/forma breve del título | Serie Botánica |
| 260 ## - PUBLICACION, DISTRIBUCION, ETC. (PIE DE IMPRENTA) | |
| Lugar de publicación, distribución, etc. | México, D.F. : |
| Nombre del editor, distribuidor, etc. | Instituto de Biología, Universidad Nacional Autónoma de México. |
| Fecha de publicación, distribución, etc. | 1967-. |
| 300 ## - DESCRIPCION FISICA | |
| Otros detalles físicos | iliustraciones y mapas ; |
| Dimensiones | 23 x 17 cm. |
| 310 ## - FRECUENCIA ACTUAL DE LA PUBLICACIÓN | |
| Date of current publication frequency | 1991-2004 |
| Frecuencia actual de la publicación | Semestral |
| 321 ## - FRECUENCIA ANTERIOR DELA PUBLICACIÓN | |
| Former publication frequency | -1990 |
| 650 26 - ASIENTO SECUNDARIO DE MATERIA - TERMINO TEMATICO | |
| Término temático o nombre geográfico como elemento de entrada | Botánica |
| Subdivisión de forma | Publicaciones periódicas |
| 9 (RLIN) | 80885 |
| 650 26 - ASIENTO SECUNDARIO DE MATERIA - TERMINO TEMATICO | |
| Término temático o nombre geográfico como elemento de entrada | Botánica |
| Subdivisión geográfica | México |
| Subdivisión de forma | Publicaciones periódicas |
| 9 (RLIN) | 80886 |
| 776 08 - ADDITIONAL PHYSICAL FORM ENTRY | |
| Display text | Online version: |
| Main entry heading | Universidad Nacional Autónoma de México. Instituto de Biología. |
| Title | Anales del Instituto de Biología, Universidad Nacional Autónoma de México. Serie Botánica |
| Record control number | (OCoLC)655493928 |
| 780 01 - ASIENTO DEL TITULO ANTERIOR | |
| Title | Anales del Instituto de Biología |
| International Standard Serial Number | 0076-7174 |
| Record control number | (DLC)sn 95036213 |
| -- | (OCoLC)1641855 |
| 785 07 - SUCCEEDING ENTRY | |
| Title | Anales del Instituto de Biología, Universidad Nacional Autónoma de México. Serie Zoología. |
| International Standard Serial Number | 0368-8720 |
| Record control number | (OCoLC)1589861 |
| 785 07 - SUCCEEDING ENTRY | |
| Title | Revista mexicana de biodiversidad |
| Record control number | (DLC) 2005229268 |
| -- | (OCoLC)61752415 |
| 942 ## - ELEMENTOS ADICIONALES (KOHA) | |
| Sistema de clasificación | Local |
| Tipo de ítem | Periodica o revista |
| Serial record | 1 |
| Withdrawn status | Lost status | Sistema de Clasificación | Damaged status | No para préstamo | Colección | Fecha publicación (Año) | Volumen revista | Número revista | Inventariado | Ubicación Permanente | Ubicación actual | Fecha de adquisición | Datos de publicación Seriada | Total Checkouts | Número topográfico | Inventario / Código de Barras | Date last seen | Ejemplar | Price effective from | Forma de adquisición | Tipo de material |
|---|---|---|---|---|---|---|---|---|---|---|---|---|---|---|---|---|---|---|---|---|---|
| Local | Hemeroteca | 2002 | 73 | 1 | Inventariado 2017 | Bogotá | Bogotá | 03/04/2017 | Vol 73, No 1 | SE | 014686 | 03/04/2017 | Ej. 1 | 03/04/2017 | Donación | Periodica o revista | |||||
| Local | Hemeroteca | 2000 | 70 | 2 | Inventariado 2017 | Bogotá | Bogotá | 03/04/2017 | Vol 71, No 1 | SE | 014674 | 03/04/2017 | Ej. 1 | 03/04/2017 | Donación | Periodica o revista | |||||
| Local | Hemeroteca | 2000 | 71 | 2 | Inventariado 2017 | Bogotá | Bogotá | 03/04/2017 | Vol 71, No 2 | SE | 014673 | 03/04/2017 | Ej. 1 | 03/04/2017 | Donación | Periodica o revista | |||||
| Local | Hemeroteca | 2002 | 73 | 2 | Inventariado 2017 | Bogotá | Bogotá | 03/04/2017 | Vol 73, No 2 | SE | 014677 | 03/04/2017 | Ej. 1 | 03/04/2017 | Donación | Periodica o revista | |||||
| Local | Hemeroteca | 2001 | 72 | 1 | Inventariado 2017 | Bogotá | Bogotá | 03/04/2017 | Vol 72, No 1 | SE | 014675 | 03/04/2017 | Ej. 1 | 03/04/2017 | Donación | Periodica o revista | |||||
| Local | Hemeroteca | 2001 | 72 | 2 | Inventariado 2017 | Bogotá | Bogotá | 03/04/2017 | Vol 72, No 2 | SE | 014676 | 03/04/2017 | Ej. 1 | 03/04/2017 | Donación | Periodica o revista | |||||
| Local | Hemeroteca | 2003 | 74 | 1 | Inventariado 2017 | Bogotá | Bogotá | 03/04/2017 | Vol 74, No 1 | SE | 014678 | 03/04/2017 | Ej. 1 | 03/04/2017 | Donación | Periodica o revista | |||||
| Local | Hemeroteca | 1996 | 67 | 1 | Inventariado 2017 | Bogotá | Bogotá | 03/04/2017 | Vol 67, No 1 | SE | 005846 | 03/04/2017 | Ej. 1 | 03/04/2017 | Donación | Periodica o revista |